| 000 | 01513cam a2200421 4500 | ||
|---|---|---|---|
| 001 | 21564 | ||
| 003 | VRT | ||
| 005 | 20260305085106.0 | ||
| 008 | 200205s2018 xr a br 000 j slo | ||
| 015 | _aSNBZSA2018/11 | ||
| 020 |
_a9788025510315 _q(brožované) |
||
| 035 | _aurn:nbn:sk:snk-am00d90e | ||
| 035 | _aurn:nbn:sk:snk-am3htqm | ||
| 035 | _aD0D6F38A-B019-47D1-8994-63376B67DFEB | ||
| 039 | 9 |
_a202002051738 _bVLOAD _c201811091357 _dcsnk08 _c201810231247 _dmsnk11 |
|
| 040 |
_aSNK _bslo _cSNK _erda |
||
| 041 | 1 |
_aslo _heng |
|
| 044 |
_axr _cCZ |
||
| 072 | 7 |
_a821-93 _xLiteratúra pre deti a mládež (beletria) _2konspekt |
|
| 080 |
_a821-34 _22011 |
||
| 080 |
_a82-93-053.2 _22011 |
||
| 245 | 0 | 0 |
_aRozprávky na dobrú noc _cilustrácie: Maria Rita Gentili ; z angličtiny preložila: Veronika Dominiak |
| 250 | _a1. vydanie | ||
| 264 | 1 |
_aPraha _bRebo International CZ, spol. s r.o _c2018 |
|
| 300 |
_a96 nečíslovaných strán _bfarebné ilustrácie _c22 cm |
||
| 336 |
_atext _btxt _2rdacontent |
||
| 336 |
_astatický obraz _bsti _2rdacontent |
||
| 337 |
_abez média _bn _2rdamedia |
||
| 338 |
_azväzok _bnc _2rdacarrier |
||
| 655 | 7 |
_arozprávky _2SNKPH |
|
| 655 | 7 |
_apublikácie pre deti _2SNKPH |
|
| 655 | 7 |
_aFairy tales _2SNKPHeng |
|
| 655 | 7 |
_aChildren's literature _2SNKPHeng |
|
| 700 | 1 |
_aGentili, Maria Rita _4ill |
|
| 700 | 1 |
_aDominiak, Veronika _4trl |
|
| 942 |
_2ddc _cKLDE _n0 |
||
| 949 |
_617A1337944 _asnkSC 181395 _bsnk2018/21856 _oPemic 63-ah/24Int. č. fa - 64/2018 _s6100:20181113 |
||
| 999 |
_c21564 _d21564 |
||